Library Logo

Pioneer International University Library Catalogue

Bring home the world : (Record no. 9191)

MARC details
000 -LEADER
fixed length control field 00875pam a2200253 a 4500
001 - CONTROL NUMBER
control field 3805109
003 - CONTROL NUMBER IDENTIFIER
control field OSt
005 - DATE AND TIME OF LATEST TRANSACTION
control field 20250901165801.0
008 - FIXED-LENGTH DATA ELEMENTS--GENERAL INFORMATION
fixed length control field 850605s1985 nyua b 000 0 eng
010 ## - LIBRARY OF CONGRESS CONTROL NUMBER
LC control number 85013730
020 ## - INTERNATIONAL STANDARD BOOK NUMBER
International Standard Book Number 0802772897 (pbk.)
040 ## - CATALOGING SOURCE
Original cataloging agency DLC
Transcribing agency DLC
Modifying agency DLC
043 ## - GEOGRAPHIC AREA CODE
Geographic area code n-us---
050 00 - LIBRARY OF CONGRESS CALL NUMBER
Classification number E 744 .5 .R47 1985
Item number .R47 1985
082 00 - DEWEY DECIMAL CLASSIFICATION NUMBER
Classification number 303.4/8273/0068
Edition information 19
100 1# - MAIN ENTRY--PERSONAL NAME
Personal name Rhinesmith, Stephen H.
245 10 - TITLE STATEMENT
Title Bring home the world :
Remainder of title a management guide for community leaders of international exchange programs /
Statement of responsibility, etc. Stephen H. Rhinesmith ; [with a preface by Charles F. MacCormack].
260 ## - PUBLICATION, DISTRIBUTION, ETC.
Place of publication, distribution, etc. New York :
Name of publisher, distributor, etc. Walker,
Date of publication, distribution, etc. 1985.
300 ## - PHYSICAL DESCRIPTION
Extent xxii, 223 p. :
Other physical details ill. ;
Dimensions 21 cm.
504 ## - BIBLIOGRAPHY, ETC. NOTE
Bibliography, etc. note Includes bibliographies.
650 #0 - SUBJECT ADDED ENTRY--TOPICAL TERM
Topical term or geographic name entry element Exchange of persons programs, American
General subdivision Management.
906 ## - LOCAL DATA ELEMENT F, LDF (RLIN)
a 7
b cbc
c orignew
d 1
e ocip
f 19
g y-gencatlg
942 ## - ADDED ENTRY ELEMENTS (KOHA)
Source of classification or shelving scheme Library of Congress Classification
Koha item type Books
Holdings
Withdrawn status Lost status Source of classification or shelving scheme Damaged status Not for loan Home library Current library Shelving location Date acquired Total checkouts Full call number Barcode Date last seen Price effective from Koha item type
    Library of Congress Classification     Main Library Main Library   12/11/2024   E 744 .5 .R47 1985 PIU0006358 12/11/2024 12/11/2024 Books